Countries that don't need a Visa for North Korea - Statistics

General Stats
  • This quiz has been taken 587 times
  • The average score is 11 of 22
Answer Stats
Countries % Correct
China
98%
Russia
94%
Vietnam
75%
Iran
68%
Laos
68%
Cuba
65%
Mongolia
62%
Belarus
54%
Myanmar
54%
Syria
51%
Indonesia
50%
Malaysia
49%
Singapore
44%
Ukraine
41%
Kyrgyzstan
37%
Tajikistan
37%
Serbia
26%
Albania
25%
Bulgaria
24%
Zimbabwe
20%
Montenegro
19%
Switzerland
18%
No matching quizzes found
Score Distribution
Percent of People with Each Score
Percentile by Number Answered
Your Score History
You have not taken this quiz